000 01460nam0a22003371 4500
001 rc\3930769
005 20260406165406.0
021 _aRU
_b[54-14510]
035 _a(NLR Aleph) 008032204
090 _a8828238
_c8828238
100 _a20130415d1953 |||y0rusy50 ca
101 0 _arus
102 _aRU
105 _aab j |||||
200 1 _aАстрономия
_eУчебник для физ.-мат. фак. пед. ин-тов
_fПод общ. ред. П.И. Попова
205 _a3-е изд., вновь перераб.
210 _aМосква
_cУчпедгиз
_d1953
215 _a544 с., 8 л. ил.
_cил., карт.
_d23
300 _aПеред загл. авт.: П.И. Попов, К.Л. Баев, Б.А. Воронцов-Вельяминов, Р.В. Куницкий
320 _aБиблиогр.: с. 526-532
606 _aАстрономия
_jУчебники и пособия
_2psbo
701 1 _aБаев
_bК.Л.
701 1 _4070
_8rus
_7ca
_aВоронцов-Вельяминов
_bБ. А.
_f1904-1994
_gБорис Александрович
_3RU\NLR\auth\7711637
_9121379
701 1 _aКуницкий
_bР.В.
701 1 _4340
_aПопов
_bП. И.
_cканд. физ.-мат.наук, астрономия
_f1881-1969
_gПавел Иванович
_9235866
_3RU\NLR\AUTH\770235922
801 0 _aRU
_bNLR
_gpsbo
801 1 _aRU
_bELAR
_2rusmarc
852 _aNLR
_jА02 Г-5/87
942 _cBOOK
980 _aNB